000 00816nas a2200265 4500
001 BR7900514
003 BR-BrBNA
005 20231205083621.0
007 ta
008 230509b bl.|||p| |||| 00| 00por d
040 _aBR-BrBNA
_bpor
_cBiblioteca Nacional de Agricultura
041 _a(Pt)
072 _aF00; Q04
100 1 _aCasagrande, A.A.
100 1 _aRodrigues, M.B.
100 1 _aGiovani, A.C.
100 1 _aAlonso, O.
245 1 _aEfeito da altura de desponte nas caracteristicas quimico-tecnologicas do caldo de cana-de-acucar (Saccharum spp)
650 _aCANA DE ACUCAR
650 _aPRATICA CULTURAL
650 _aCALDO DE CANA
773 0 _tCientifica (Brazil)
_xISSN 0100-0039
_g(1978), v. 6(1) p. 67-73
_wBR7900514
909 _a202311
_bLúcia
_c55
_dLúcia Elande
942 _2AGRIS
_n0
_cANA
999 _c100082
_d100082